[Event "22nd Alekhine FIDE 2018"]
[Site "Voronezh"]
[Date "2018.06.20"]
[Round "9"]
[White "Lepaev, Andrey"]
[Black "Khajrutdinov, Ildar"]
[Result "1/2-1/2"]
[WhiteElo "1992"]
[BlackElo "2106"]
[Annotator "TA"]
[PlyCount "92"]
[EventDate "2018.??.??"]
[EventType "swiss"]
[EventCountry "RUS"]
[SourceTitle "playchess.com"]
[Source "ChessBase"]
[SourceQuality "1"]

{[%evp 15,92,8,16,0,0,-20,-11,-20,-30,-126,-124,-118,-116,-207,-116,-123,-123,-165,-164,-164,-123,-125,-126,-133,-108,-121,-107,-217,-210,-214,-213,-207,-191,-181,-162,-244,-187,-190,-188,-279,-245,-255,-262,-248,-179,-178,-112,-112,-113,-116,-115,-140,-89,-79,-62,-102,-84,-93,-93,-91,-87,-66,-25,-25,0,-18,-8,-12,-5,-8,0,0,0,0,0,0,0,0,0]} 1. d4 d5 2. c4 c6 3. Nf3 Nf6 4. e3 Bf5 5. Nc3 a6 6. b3 e6 7. Be2 h6 8. O-O Nbd7 9. Nh4 $146 {D10: Damengambit (Slawische Verteidigung)} ({Vorgänger:} 9. Bb2 Bd6 10. Bd3 O-O 11. Re1 Re8 12. e4 dxe4 13. Nxe4 Nxe4 14. Bxe4 Qf6 15. Qc2 Bxe4 16. Qxe4 Rad8 {½-½ (41) Akopian,V (2679)-Svetushkin,D (2588) Dresden 2008}) 9... Bh7 10. g3 Be7 11. Ng2 b5 12. Bd3 (12. Nf4 $11) 12... Bxd3 $17 13. Qxd3 {[#]} dxc4 $1 14. Qe2 (14. bxc4 $17 Ne5 15. Qc2 Nxc4 16. Nf4) 14... Nb6 (14... Qa5 $19 15. Qc2 cxb3 16. Qxb3 c5) 15. Nd1 O-O 16. Bd2 a5 {[%cal Ba6a5,Ba5a4][%mdl 32]} 17. Rc1 a4 18. bxc4 Nxc4 19. Bc3 Nd5 20. Ne1 e5 $36 {[%cal Be6e5,Be5e4][%mdl 2080] Schwarz bestimmt, wo es lang geht.} 21. Nf3 (21. dxe5 $17 {war erzwungen.} Qc7 22. Nd3) 21... e4 $19 22. Nd2 Nd6 23. Bb2 Qd7 24. Nc3 f5 25. f3 (25. Ba3 $142) 25... Bg5 26. f4 Be7 27. Kh1 (27. Ba3 $142) 27... Nb4 28. Ba3 Nd3 {Weiss muss nun ...b4 beachten.} 29. Rb1 Rfb8 {Droht ...b4 und aus.} 30. Bxd6 Bxd6 {[#]} (30... Qxd6 $19 31. Rbd1 Nb2) 31. g4 $1 $17 {[%mdl 512] Schwarz sollte gxf5 verhindern.} b4 {[#]} (31... fxg4 32. Ndxe4) 32. Ncxe4 $1 {[%mdl 512]} fxe4 33. Nxe4 {[#]} Nxf4 $1 {[%mdl 512]} 34. exf4 Bf8 35. Qc4+ Qd5 36. Qxd5+ cxd5 37. Nc5 Bxc5 38. dxc5 {[%mdl 4096] Endspiel KTT-KTT} b3 39. axb3 $1 axb3 40. Rb2 {Die Stellung ist ausgeglichen.} Ra4 41. Rf3 Kf7 {Schwarz will ...Ta1+ spielen.} 42. c6 Ra1+ 43. Kg2 Ra2 44. Rff2 Rxb2 45. Rxb2 Rc8 46. Rxb3 Rxc6 {Precision: Weiß = 43%, Schwarz = 64%.} 1/2-1/2

[Event "22nd Alekhine FIDE 2018"]
[Site "Voronezh"]
[Date "2018.06.20"]
[Round "9"]
[White "Artemov, Nikita"]
[Black "Yakimenko, Alexander A"]
[Result "1-0"]
[WhiteElo "1970"]
[BlackElo "2094"]
[Annotator "NA RC"]
[PlyCount "73"]
[EventDate "2018.??.??"]
[EventType "swiss"]
[EventCountry "RUS"]
[SourceTitle "playchess.com"]
[Source "ChessBase"]
[SourceQuality "1"]
[TimeControl "5400+30"]

{[%evp 8,70,40,33,33,33,60,44,50,35,58,10,67,0,0,8,35,38,96,73,32767,32767,323,347,331,334,329,332,491,509,526,441,496,500,488,483,480,421,431,32767,32767,32767,32767,32767,449,602,468,629,547,505,443,441,438,472,498,356,497,32767,1023,1143,1065,1138,1049,964,884]} 1. e4 {[%emt 0:12:03]} e6 {[%emt 0:01:17]} 2. d4 {[%emt 0:00:06]} d5 {[%emt 0:00:04]} 3. Nd2 {[%emt 0:00:06]} Nc6 {[%emt 0:00:06]} 4. Ngf3 {[%emt 0:00:07]} Nf6 {[%emt 0:00:07]} 5. e5 {[%emt 0:00:05]} Nd7 {[%emt 0:00:05]} 6. c4 {[%emt 0:00:05]} f6 {[%emt 0:03:39] C04: French Tarrasch: 3...Nc6} (6... Be7 7. Bd3 Nb4 8. Bb1 dxc4 9. Nxc4 Nb6 10. Ncd2 Bd7 11. a3 N4d5 12. O-O Ba4 13. Bc2 Qd7 14. Ne4 Bxc2 15. Qxc2 {½-½ (49) Jobava,B (2706)-Kuzubov,Y (2615) Plovdiv 2012}) 7. cxd5 {[%emt 0:01:49]} exd5 {[%emt 0:00:12] LiveBook: 4 Games} 8. Bb5 {[%emt 0:03:09]} Be7 {[%emt 0:08:12]} 9. O-O {[%emt 0:03:41]} O-O {[%emt 0:00:54]} 10. e6 {[%emt 0:09:20]} Nb6 {[%emt 0:02:13]} 11. Re1 {[%emt 0:01:00]} Qd6 {[%emt 0:04:55]} 12. Nb3 {[%emt 0:02:16]} Nd8 $146 {[%emt 0:07:11] [#]} (12... a6 $11 13. Bxc6 Qxc6) ({Predecessor:} 12... Bxe6 13. Qe2 Kf7 14. Bf4 {1-0 (37) Pogonina,N (2472)-Khader,S (2450) Moscow 2011}) 13. Nc5 $1 {[%emt 0:02:36]} c6 {[%emt 0:01:07]} 14. Bd3 {[%emt 0:01:11]} g6 {[%emt 0:16:15]} (14... Nxe6 {is a better defense.} 15. Qe2 Nxc5 16. dxc5 Qxc5) 15. g3 {[%emt 0:13:39]} Nxe6 {[%emt 0:02:13] [#]} 16. Rxe6 $1 {[%emt 0:01:15]} Bxe6 {[%emt 0:00:30]} 17. Bf4 {[%emt 0:00:04]} Qxf4 {[%emt 0:04:16]} (17... Qd8 $142) 18. gxf4 {[%emt 0:00:20]} Bg4 {[%emt 0:01:18]} 19. Kg2 {[%emt 0:00:53]} Bd6 {[%emt 0:00:45]} 20. Qc2 {[%emt 0:02:28]} Rf7 {[%emt 0:02:10]} 21. h3 {[%emt 0:00:12]} Bh5 {[%emt 0:00:39]} 22. Ne6 {[%emt 0:03:08]} Re8 {[%emt 0:01:27]} 23. f5 {[%emt 0:04:05]} gxf5 {[%emt 0:02:25]} 24. Bxf5 {[%emt 0:00:13]} Kh8 {[%emt 0:00:12]} 25. Nh2 {[%emt 0:02:53]} Rfe7 {[%emt 0:03:05]} 26. Ng4 {[%emt 0:03:46]} Nd7 {[%emt 0:01:27]} 27. Re1 {[%emt 0:08:43]} Bf7 {[%emt 0:03:44]} 28. Nh6 {[%emt 0:05:22]} Bxe6 {[%emt 0:01:45]} 29. Bxe6 {[%emt 0:01:20]} Rxe6 {[%emt 0:00:15]} 30. Rxe6 {[%emt 0:01:03]} Rxe6 {[%emt 0:00:02]} 31. Qf5 {[%emt 0:01:00]} Re7 {[%emt 0:02:07]} 32. Kf1 {[%emt 0:01:03]} Bc7 {[%emt 0:08:45]} 33. Qg4 {[%emt 0:00:43]} Rg7 {[%emt 0:00:53]} 34. Qe6 {[%emt 0:00:23]} Nf8 {[%emt 0:02:46]} 35. Qe8 {[%emt 0:02:40]} Bd6 $18 {[%emt 0:00:32]} 36. Nf5 {[%emt 0:00:14]} Bb4 {[%emt 0:00:42]} 37. a3 {[%emt 0:00:31]} 1-0

[Event "22nd Alekhine FIDE 2018"]
[Site "Voronezh"]
[Date "2018.06.20"]
[Round "9"]
[White "Kazmin, Semen"]
[Black "Kolomensky, Vladimir"]
[Result "1-0"]
[WhiteElo "1970"]
[BlackElo "2120"]
[Annotator "TA"]
[PlyCount "86"]
[EventDate "2018.??.??"]
[EventType "swiss"]
[EventCountry "RUS"]
[SourceTitle "playchess.com"]
[Source "ChessBase"]
[SourceQuality "1"]

{[%evp 20,86,39,0,0,-12,-12,-14,-14,-35,0,0,0,0,36,0,0,0,5,-69,-89,-74,-84,-50,-77,-75,-54,-60,-58,-58,-58,-56,-57,-62,-58,-50,-62,-45,-50,-43,-42,-51,-39,-43,-28,-17,-8,-8,-8,-8,0,0,0,0,0,0,0,0,0,-8,-8,-8,-8,-8,-8,-10,-10,-10,0]} 1. e4 c5 2. Nf3 e6 3. d4 cxd4 4. Nxd4 Nc6 5. Nc3 Qc7 6. Be3 a6 7. a3 Nf6 8. f4 d6 9. Qf3 Be7 10. O-O-O {B82: Sicilian Scheveningen: 6 f4} O-O 11. g4 {LiveBook: 4 Games} (11. Be2 $14) 11... Nxd4 $11 12. Rxd4 e5 13. Rd2 Bxg4 14. Qg3 exf4 15. Bxf4 Be6 {White must now prevent ...Nh5.} 16. Be2 $146 ({Predecessor:} 16. Bxd6 Bxd6 17. Qxd6 Qxd6 18. Rxd6 {½-½ (53) Kassis,A (2209)-Korneev,O (2581) Istanbul 2012}) 16... Qa5 17. Bh6 {[%csl Gh6][%cal Rg3g7] [#]} g6 $36 {[%mdl 2048] Black is more active.} 18. Bxf8 Rxf8 19. Rxd6 (19. Kb1 $11) 19... Bxd6 $15 20. Qxd6 Qg5+ 21. Qd2 Qg2 22. Qe1 Rd8 23. h4 Nxe4 24. Rg1 Qh3 25. Nxe4 {Hoping for Bd3.} Qe3+ 26. Nd2 $1 Rxd2 $1 {[#]} 27. Rxg6+ $1 {[%mdl 512]} hxg6 (27... fxg6 28. Qxd2) 28. Qxd2 Qg1+ 29. Qd1 Qf2 30. Qd8+ Kg7 31. Kd1 Bf5 32. c3 Be6 {aiming for ...Bb3+.The position is equal.} 33. Qd4+ Qxd4+ 34. cxd4 $11 {[%mdl 4096] Endgame KB-KB} Bd5 35. Kd2 f6 36. Ke3 g5 37. hxg5 fxg5 38. b4 Kf6 39. Bg4 b6 40. Bc8 a5 41. bxa5 bxa5 42. Bg4 Ke7 43. Be2 Kf6 {[%mdl 32768] Precision: White = 65%, Black = 59%. . Sensor Board Error (Ke4/e5)?} 1-0

[Event "22nd Alekhine FIDE 2018"]
[Site "Voronezh"]
[Date "2018.06.20"]
[Round "9"]
[White "Pingin, Artem"]
[Black "Peschansky, Mikhail"]
[Result "1/2-1/2"]
[WhiteElo "1967"]
[BlackElo "2137"]
[Annotator "TA"]
[PlyCount "89"]
[EventDate "2018.??.??"]
[EventType "swiss"]
[EventCountry "RUS"]
[SourceTitle "playchess.com"]
[Source "ChessBase"]
[SourceQuality "1"]

{[%evp 10,89,80,52,98,4,48,-8,22,20,35,11,50,41,82,25,62,46,50,34,100,100,103,105,110,67,126,84,107,63,145,97,104,89,93,73,105,69,85,79,87,88,106,66,79,25,18,-52,-26,-37,-53,-41,-44,-35,-37,-23,-39,-149,-152,-168,-65,-50,-45,-9,0,0,0,0,-7,0,0,-100,-89,-111,-2,-82,0,0,15,0,0,0]} 1. e4 g6 2. d4 Bg7 3. Nc3 c6 4. Be3 d6 5. h4 (5. Qd2 b5 6. a3 a6 7. Nf3 Nf6 8. Bh6 O-O 9. Bxg7 Kxg7 10. e5 dxe5 11. Nxe5 Qd6 12. Qe3 Be6 13. Be2 Nbd7 14. Rd1 Qc7 {1-0 (57) Wang,H (2717)-Mamedov,R (2650) Huaian 2016}) 5... h6 6. Qd2 {LiveBook: 3 Games. B06: Modern Defence} Nd7 7. f4 $146 (7. h5 $16) ({Predecessor:} 7. g4 b5 8. a3 a6 9. f3 Qc7 10. Nge2 e6 11. f4 Bb7 12. Rg1 O-O-O 13. O-O-O Ne7 14. f5 {½-½ (49) Bellon Lopez,J (2425)-Narciso Dublan,M (2539) Calvia 2007}) 7... Ngf6 8. Be2 (8. e5 $14) 8... Nb6 9. Nh3 Ng4 10. O-O-O (10. h5 $5) 10... Nxe3 11. Qxe3 h5 12. Ng5 (12. Kb1 $16) 12... Qc7 13. Rhf1 f6 14. Nh3 Bh6 ({Black should play} 14... Bg4 $14) 15. Qg3 $16 Be6 16. Qxg6+ Bf7 17. Qg3 Rg8 (17... O-O-O $14) 18. Qf2 O-O-O 19. Kb1 Nc4 (19... Kb8 $14) 20. d5 Nb6 21. Bf3 Kb8 22. Qe2 Rh8 23. Rfe1 e6 24. dxc6 bxc6 25. a3 Qb7 26. Ka1 e5 27. fxe5 ({Much weaker is} 27. Bxh5 $6 Bxh5 28. Qxh5 Bxf4 $11) (27. b3 $16) 27... Nc4 $1 $11 {[%csl Gc4][%cal Rb7b2]} 28. Rb1 (28. b3 $11 Nxe5 29. Rd4 (29. Bxh5 $2 Bxh5 30. Qxh5 Bd2 $19)) 28... dxe5 $15 29. Bxh5 Rd2 $36 {[%mdl 2048] Black has good play.} 30. Qf1 $1 {[%cal Rf1f6]} Ne3 31. Rxe3 $1 Bxe3 32. Bxf7 Qxf7 {[#]} 33. g3 {[#]} ({Better is} 33. Ng5 $1 $15 {[%mdl 512]} Qg7 (33... Bxg5 34. hxg5) 34. Nf3 Rxg2 35. Qc4) 33... Rhd8 $1 $17 34. Nd1 Bh6 (34... Bb6 $19 35. Rc1 Qg6) 35. Nhf2 $15 {[%cal Bh3f2,Bf2d3,Bd3b4][%mdl 32]} Qe6 36. Nd3 $1 Rxc2 {Strongly threatening ...Bd2.} 37. Nb4 $1 {[%cal Rb4c2]} Rc4 $1 {Threatening ...Bf8.} 38. b3 $1 {[%cal Rb3c4] [#]} Rxb4 $1 {[%mdl 512]} 39. axb4 Rd4 40. Nf2 (40. Qf3 $11 {remains equal.}) 40... Qd6 {aiming for ...Rd2.} 41. Rb2 Bd2 ({Black should try} 41... Qxb4 $17 {White must now prevent ...Bd2.} 42. Kb1 Qc3) 42. Ka2 (42. Rc2 $1 $11 {keeps the balance.}) 42... Bc3 (42... Qxb4 $17 {Threatens to win with ...Bc3.} 43. Rc2 Qa5+ 44. Kb2 Be1) 43. Rc2 $11 {The position is equal.} Bxb4 44. Qa6 Bc5 {Hoping for ...Rd2.} 45. Qa5 $1 {Precision: White = 33%, Black = 43%.} 1/2-1/2

[Event "22nd Alekhine FIDE 2018"]
[Site "Voronezh"]
[Date "2018.06.20"]
[Round "9"]
[White "Kulpin, Dmitriy"]
[Black "Bobkov, Vadim"]
[Result "1-0"]
[WhiteElo "1954"]
[BlackElo "2058"]
[Annotator "NA RC"]
[PlyCount "109"]
[EventDate "2018.??.??"]
[EventType "swiss"]
[EventCountry "RUS"]
[SourceTitle "playchess.com"]
[Source "ChessBase"]
[SourceQuality "1"]
[TimeControl "5400+30"]

{[%evp 14,107,16,14,7,6,0,-30,-16,-16,-14,-17,-19,-20,-8,-27,-12,-95,32767,32767,-70,-91,-86,-114,-101,-127,32767,32767,-85,-74,-89,-151,-141,-136,-109,-134,-110,32767,-114,-139,-110,-118,-100,32767,32767,-142,-79,-188,-179,-173,-192,-243,-244,-245,-238,-388,-393,-343,-252,32767,-236,32767,32767,-375,-181,-264,32767,-505,-429,-517,-503,32767,32767,32767,32767,32767,0,-211,32767,32767,32767,32767,186,188,194,32767,0,32767,32767,32767,32767,1152,32767,1076,32767,29982]} 1. d4 {[%emt 0:00:00]} d5 {[%emt 0:00:03]} 2. Nf3 {[%emt 0:00:00]} Nf6 {[%emt 0:00:03]} 3. c4 {[%emt 0:00:00]} e6 {[%emt 0:00:03]} 4. g3 {[%emt 0:00:00]} dxc4 {[%emt 0:00:05]} 5. Bg2 {[%emt 0:00:00]} Nc6 {[%emt 0:00:06]} 6. O-O {[%emt 0:00:30]} Rb8 {[%emt 0:00:17]} 7. a4 {[%emt 0:00:49]} a6 {[%emt 0:00:33]} 8. a5 {[%emt 0:01:59]} b5 {[%emt 0:00:54] E04: Katalanisch} 9. axb6 $1 {[%emt 0:00:14]} cxb6 {[%emt 0:00:02]} 10. Bf4 {[%emt 0:02:10]} Bd6 {[%emt 0:09:48]} 11. Ne5 {[%emt 0:01:44]} Ne7 $1 {[%emt 0:00:13]} 12. Nxc4 {[%emt 0:06:44]} Bxf4 {[%emt 0:00:09]} 13. gxf4 {[%emt 0:00:02] LiveBook: 4 Games} O-O {[%emt 0:01:02] [#]} 14. Nc3 $146 {[%emt 0:00:53]} ({Vorgänger:} 14. e3 Nfd5 15. Ne5 Bb7 16. Nd2 Ng6 17. Nxg6 hxg6 18. Nf3 Qe7 19. Ne5 Nb4 20. Bxb7 Rxb7 21. Rc1 Rc7 22. Rxc7 Qxc7 23. Qd2 {½-½ (23) Timoshenko,G (2510)-Novikov,I (2580) Nova Gorica 1997}) 14... Ng6 {[%emt 0:16:14]} 15. Ne5 {[%emt 0:06:46]} (15. e3 $11 {hält das Gleichgewicht.}) 15... Nxf4 {[%emt 0:26:10]} 16. Bf3 {[%emt 0:13:35]} Qd6 {[%emt 0:17:50]} 17. e3 {[%emt 0:03:44]} N4d5 {[%emt 0:01:35]} 18. Ne2 {[%emt 0:03:57]} Bb7 {[%emt 0:01:52]} 19. Ng3 {[%emt 0:01:08]} b5 {[%emt 0:00:52]} 20. Rc1 {[%emt 0:02:52]} Rfc8 {[%emt 0:01:38]} 21. Rxc8+ {[%emt 0:03:30]} Rxc8 {[%emt 0:00:31]} 22. e4 {[%emt 0:02:25]} (22. Qd2 $142) 22... Ne7 {[%emt 0:02:35]} 23. Qd2 {[%emt 0:14:34]} Qc7 {[%emt 0:03:42]} 24. Re1 {[%emt 0:05:25]} Ng6 {[%emt 0:02:51]} 25. Nd3 {[%emt 0:03:41]} Qd8 {[%emt 0:03:43]} 26. Qe3 {[%emt 0:02:04]} Nd7 {[%emt 0:01:31]} 27. Rd1 {[%emt 0:02:51]} Nh4 {[%emt 0:05:34]} 28. Bh1 {[%emt 0:02:20]} Nb6 {[%emt 0:00:03]} 29. Ne5 {[%emt 0:01:54]} f6 {[%emt 0:03:47]} ({Günstiger ist} 29... Ng6 30. Bf3 Qd6) 30. Nf3 {[%emt 0:00:03]} (30. Nd3 $17) 30... Nc4 {[%emt 0:00:29]} 31. Qe2 {[%emt 0:00:27] [#]} Ng6 $1 {[%emt 0:00:38]} 32. b3 {[%emt 0:03:01]} Nf4 {[%emt 0:00:30]} 33. Qa2 {[%emt 0:00:18]} Qa5 {[%emt 0:00:28]} 34. Qb1 {[%emt 0:01:47]} (34. Qa1 {might work better.} Qxa1 35. Rxa1) 34... Na3 {[%emt 0:00:09]} 35. Qa1 {[%emt 0:00:42]} Rc2 {[%emt 0:00:57]} 36. Bg2 {[%emt 0:02:49]} b4 {[%emt 0:00:13]} 37. Ne1 {[%emt 0:00:46]} Rc3 {[%emt 0:00:29]} 38. Bf1 {[%emt 0:02:53]} (38. Qa2 {might work better.}) 38... Qc7 {[%emt 0:00:46]} (38... Rxb3 $2 39. Qa2 $17) (38... h5 $142 39. d5 h4) 39. Qb2 {[%emt 0:00:50]} (39. Nd3 $142) 39... Nc2 {[%emt 0:00:39]} 40. Bc4 $2 {[%emt 0:03:49]} (40. d5 exd5 41. Nxc2 Rxc2 42. Qd4) 40... Nh3+ {[%emt 0:00:39]} 41. Kg2 {[%emt 0:00:32]} Nxe1+ {[%emt 0:00:17]} 42. Rxe1 {[%emt 0:00:12]} Nf4+ {[%emt 0:00:04]} 43. Kf1 {[%emt 0:00:14]} Qd6 {[%emt 0:00:40]} 44. Qd2 {[%emt 0:00:33]} h5 {[%emt 0:00:45]} ({Black should try} 44... a5 $17 45. e5 fxe5 46. Rxe5 Rf3 47. Rxa5 g6) 45. h4 $2 {[%emt 0:01:32]} (45. e5 $1 $11 {und Weiss ist OK.} Qc6 46. Qxf4 Qg2+ 47. Ke2) 45... Rf3 {[%emt 0:00:40]} 46. Qd1 {[%emt 0:00:43]} Rc3 {[%emt 0:00:07]} 47. Nxh5 {[%emt 0:01:19]} Rh3 $2 {[%emt 0:00:26]} (47... Bc8 $11) 48. Nxf4 Rh1+ 49. Ke2 {[%emt 0:01:49]} Qxf4 {[%emt 0:01:26]} 50. Rxh1 {[%emt 0:01:12]} Bxe4 {[%emt 0:00:33]} 51. Bxe6+ {[%emt 0:01:04]} Kh8 {[%emt 0:00:00]} 52. Rh3 {[%emt 0:00:26]} f5 {[%emt 0:00:21]} 53. Rg3 $18 {[%emt 0:00:31]} Qxh4 {[%emt 0:00:28]} 54. Qf1 {[%emt 0:01:43]} Qh5+ {[%emt 0:00:45]} 55. Ke1 {[%emt 0:00:28]} 1-0